000 02389cam a2200589Mi 4500
003 PE-LiUPU
005 20250731173357.0
008 101108s2009 xxu f b 001 0 eng d
020 _a0310276551
020 _a9780310276555
035 _a(Sirsi) i9780310276555
040 _aPE-LiUPU
_bspa
_cPE-LiUPU
_erda
049 _aPRUA
050 _aBS538.3
_b.F68 2009
082 0 _a220.601
_bF7
_222
245 0 0 _aFour views on moving beyond the Bible to theology /
_cGary T. Meadors, editor general ; Stanley N. Gundry.
246 1 8 _aMoving beyond the Bible to theology
264 _aGrand Rapids Michigan. :
_bZondervan,
_c2009.
300 _a371 páginas. ;
_c21 centímetros.
336 _atext
_2rdacontent
337 _aunmediated
_2rdamedia
338 _avolume
_2rdacarrier
490 1 _aCounterpoints Bible & theology
504 _aBibliografía : páginas 349-351.
504 _aÍndices : páginas 353-369
505 0 _aA principilizing model / Walter C. Kaiser Jr. -- A redemptive-historical model / Daniel M. Doriani -- A drama-of-redemption model / Kevin J. Vanhoozer -- A redemptive-movement model / William J. Webb
526 _aSEG42
526 _aSEG41
526 _aSEG40
526 _aSEG39
526 _aP94
526 _aP87
526 _aP86
526 _aP85
526 _aP77
526 _aP76
526 _aP35
630 0 7 _aBiblia
_xHermenéutica.
650 7 _aTeología
_xMetodología.
700 1 _aGundry, Stanley N..
_eeditor.
700 1 _aMeadors, Gary T..
_eeditor.
910 _ajck
_bbpc
_cbpc
_d20160606
942 _2ddc
_cBOOK
949 _a220.601 F7
_wDEWEY
_c1
_i73398
_lCCODEBUL1
_mBUL
_p22.99
_r0
_sY
_tBOOK
_u2016-6-6
_xTEOLOGIA
_PP35
_0COMPRA
_o.STAFF. Colección General
949 _a220.601 F7
_wDEWEY
_c2
_i62395
_lCCODEBUL1
_mBUL
_p22.00
_r0
_sY
_tBOOK
_u2016-8-23
_xTEOLOGIA
_PP35
_0COMPRA
_o.STAFF. Colección General
994 _aC0
_bPEPRU
596 _a1
999 _a220.601 F7
_wDEWEY
_c51424
_i73398
_f2021-11-9
_g5
_lCCODEBUL1
_mBUL
_p22.99
_r0
_sY
_tBOOK
_u2016-6-6
_xTEOLOGIA
_PP35
_0COMPRA
_o.STAFF. Colección General
_d51424
999 _a220.601 F7
_wDEWEY
_c2
_i62395
_d2019-1-24
_f2021-11-9
_g5
_lCCODEBUL1
_mBUL
_p22.00
_q1
_r0
_sY
_tBOOK
_u2016-8-23
_xTEOLOGIA
_PP35
_0COMPRA
_o.STAFF. Colección General
980 _81
_gALBERTO SANCHEZ Responsable de Automatización